000 01597nam a2200277Ia 4500
999 _c52653
_d52653
001 19677
003 GE_BSU
005 20200321204619.0
008 181216s1986||||ge |||||||||||||| ||geo||
040 _cGE_BSU
041 _ageo
080 _a811.353.1+27.788 შ-21
100 _aშანიძე, აკაკი
_95491
245 _aთხზულებანი თორმეტ ტომად = Сочинения в двенадцати томах ტომი IX :
_bქართველთა მონასტერი ბულგარეთში და მისი ტიპიკონი /
_cშანიძე, აკაკი ; მთ. რედ. შოთა ძიძიგური ; ტომის რედ.ა. შანიძე.
264 _aთბილისი :
_bმეცნიერება,
_c1986.
300 _a380 გვ. :
_bილ. : 1 ფოტო პორტ. ;
_c22 სმ.
500 _aლექსიკონი : გვ.140-223 ; საძიებელი : გვ.225-231
541 _h6ლ.80თ.
653 _aტიპიკონის ენა
653 _a ორთოგრაფიული გრამატიკა
653 _aქართული ენა
700 _aძიძიგური, შოთა
_eმთავარი რედაქტორი
_97775
700 _aშანიძე, ა.
_eტომის რედაქტორი
_97776
710 _aსაქართველოს სსრ მეცნიერებათა აკადემია
_97777
942 _cBK
_2udc